Tabla de Contenidos: volumen 11, número 1, 1985
Salvato in:
| Natura: | Libro |
|---|---|
| Lingua: | Spanish |
| Tags: |
Aggiungi Tag
Nessun Tag, puoi essere il primo ad aggiungerne!!
|
MARC
| LEADER | 00000nam a2200000 4500 | ||
|---|---|---|---|
| 003 | cru IIS | ||
| 005 | 20210708132613.0 | ||
| 008 | 210708b1985 cr|||||| |||| 00| 0 spa d | ||
| 022 | |a 0377-7316 | ||
| 040 | |a Centro de Recursos para el Aprendizaje y la Investigación |b Español |c cru IIS | ||
| 090 | |a REV0040 11 (1) 1985 | ||
| 245 | |a Tabla de Contenidos: |b volumen 11, número 1, 1985 | ||
| 500 | |a Colección Centroamérica | ||
| 505 | |a Contenidos: 1.Centroamérica desde 1920: Desarrollo económico en el largo plazo. / Victor Bulmer-Thomas --2.Del desarrollo de Costa Rica y sus crisis en el periodo de postguerra: 1948-1984 / Jorge Rovira Mas --3.Política comercial norteamericana: La iniciativa de la cuenca del Caribe / Alfredo Guerra-Borges --4.Hacia una definición de Centroamérica: El peso de los factores geopolíticos / Carlos Granados Chaverri --5.Interés nacional y toma de decisiones: El caso de la neutralidad costarricense / Francisco Rojas Aravena --6.La pseudo-información y los telenoticiarios costarricenses (apuntes para una reflexión) / Luis Montoya --7. Félix Martínez, comerciante. Anotaciones sobre el capital comercial y el comercio exterior de Costa Rica a fines de la colonia / Ivan Molina Jiménez --8.Campesinas, jornaleras, artesanas y amas de casa: El trabajo femenino rural en Costa Rica / Mario A. Ramírez Boza | ||
| 942 | |2 ddc |c PP |h REV0040 11 (1) 1985 |k REV0040 |m 11 (1) 1985 |6 REV0040_11_1_1985 | ||
| 999 | |c 43754 |d 43754 | ||
| 773 | 0 | |0 18765 |9 5812 |a Universidad de Costa Rica. |d San José, Costa Rica: Editorial Universidad de Costa Rica, 1974- |o 09137 |t Anuario de Estudios Centroamericanos / |x 03777316 | |
